000 00510nam a2200193Ia 4500
003 GCL
008 140319s9999 xx 000 0 eng d
040 _aGCL /
_cGCL
082 0 4 _aCC
_b932.014
_bB G
100 1 _aBRUCKNER, KAREL
245 1 0 _aTHE GOLDEN PHARAOH /
_cBRUCKNER, KAREL
260 _a[S.N] :
_bBURKE PUBLISHING ،
_c1972
300 _a220 P
650 0 4 _aANCIENT EGYPT - HISTORY
650 0 4 _aEGYPTOLOGY
650 0 4 _aEIGHTEENTH DYNASTY
650 0 4 _aEGYPT - CIVILIZATION
942 _2ddc
_cBK
999 _c14210
_d14210